Altsüdarabische Grammatik /

Bibliographic Details
Main Author: Höfner, Maria
Format: Book
Language:German
Published: Leipzig : O. Harrassowitz, 1943
Series:Porta linguarum orientalium ; 24.
Subjects:

MARC

Tag First Indicator Second Indicator Subfields
LEADER 00000cam a2200000 i 4500
001 in00000974607
005 20150927080918.0
008 781215c19431942gw af b 00010 ger d
035 |a (OCoLC)04456050 
035 |9 AEV7584AM 
040 |a YUS  |c YUS  |d m/c  |d TXA  |d UtOrBLW 
049 |a TXAM 
090 |a PJ6952  |b .H6 1943 
100 1 |a Höfner, Maria. 
245 1 0 |a Altsüdarabische Grammatik /  |c von Maria Höfner. 
264 1 |a Leipzig :  |b O. Harrassowitz,  |c 1943 
264 4 |c ©1942 
300 |a xxiv, 194 pages, 2 leaves of plates :  |b illustrations ;  |c 19 cm. 
336 |a text  |b txt  |2 rdacontent 
337 |a unmediated  |b n  |2 rdamedia 
338 |a volume  |b nc  |2 rdacarrier 
490 1 |a Porta linguarum orientalium ;  |v 24 
504 |a Bibliography: pages [xxiii]-xxiv. 
500 |a Errata slip inserted. 
650 0 |a South Arabic language  |x Grammar. 
830 0 |a Porta linguarum orientalium ;  |v 24. 
999 |a MARS 
999 f f |s 9a50614b-4d08-3a29-9dc9-ef94bec6d480  |i 8bfc5865-a515-38d9-abf7-dad3f9c7c380  |t 0 
952 f f |p ric  |a Texas A&M University  |b Rellis Campus  |c Joint Library Facility  |d Remote Storage  |t 0  |e PJ6952 .H6 1943  |h Library of Congress classification  |i unmediated -- volume  |m A14813953633 
998 f f |a PJ6952 .H6 1943  |t 0  |l Remote Storage